| 000 | 00393nam a2200133Ia 4500 | ||
|---|---|---|---|
| 008 | 210430s9999 xx 000 0 und d | ||
| 020 | _a978-81-203-3846-3 | ||
| 082 | _a660.29 H1571 I | ||
| 100 |
_aGopinath Halder _954145 |
||
| 245 |
_aIntroduction to Chemical Engineering Thermodynamics / _cGopinath Halder |
||
| 260 |
_aNew Delhi _bAske K. Ghosh _c2009 |
||
| 300 | _a650p | ||
| 942 |
_cBK _2ddc |
||
| 999 |
_c564619 _d564619 |
||